El trapito feliz

Salvato in:
Dettagli Bibliografici
Autore principale: Ross, Tony (Autore)
Natura: Libro
Lingua:spagnolo
Pubblicazione: Ciudad de México Fondo de Cultura Económica 1994
Edizione:1a. ed
Serie:A la Orilla del Viento
Soggetti:
Tags: Aggiungi Tag
Nessun Tag, puoi essere il primo ad aggiungerne!!

MARC

LEADER 00000nam a2200000 a 4500
001 UCG4935
003 CL-VaPUC
005 20250407155112.0
008 101216e19940000MX |||||||||||||||||spa|d
999 |c 343535  |d 343533 
020 |a 9681645553 
040 |c Pontificia Universidad Católica de Valparaíso 
082 0 4 |a 808.0683  |b ROS  |2 21 
100 0 |a Ross, Tony  |e author  |9 554433 
245 1 3 |a El trapito feliz 
250 |a 1a. ed 
260 |a Ciudad de México  |b Fondo de Cultura Económica  |c 1994 
300 |a 24 p 
490 0 |a A la Orilla del Viento 
500 |a En el texto se incluyen dos historias con el mismo título 
583 |a last modification  |c 20101216 00:00:00  |k Rodrigo Vera 
650 0 |a Literatura infantil   |9 307465  |x cuentos 
942 |c BK  |2 ddc 
945 |d 20101216 00:00:00  |a cmena 
952 |0 0  |1 0  |4 0  |6 808_068300000000000_ROS_1994  |7 0  |8 A  |9 440877  |a BIBEDU  |b BIBEDU  |d 2019-11-22  |i 4743628  |l 2  |o 808.0683 ROS 1994  |p 4743628  |r 2023-08-08  |s 2023-07-24  |w 2019-11-22  |y BK  |k EPE